000 00484nam a22001937a 4500
003 MPLRDC
005 20220104143629.0
008 210129b ||||| |||| 00| 0 eng d
020 _a957-9662-48-7
082 _a294.1 XLXH-2
100 _a小林祥晃
245 _a诸事大吉的住家风水开运法
_c姜时佩 译
250 _a初版
260 _a
_b汉湘
_c1997
300 _b
490 _a生活开运. 2
650 _a堪舆--相宅
942 _cBK
_o294.1 XLXH-2
999 _c41800
_d41790